Medio ambiente en España
Guardat en:
| Autor corporatiu: | |
|---|---|
| Format: | Llibre |
| Idioma: | espanyol |
| Publicat: |
Madrid
Ministerio de Obras Públicas y Urbanismo
1990
|
| Edició: | 1a. ed |
| Col·lecció: | Monografías de la Secretaría General de Medio Ambiente
|
| Matèries: | |
| Etiquetes: |
Afegir etiqueta
Sense etiquetes, Sigues el primer a etiquetar aquest registre!
|
MARC
| LEADER | 00000cam a2200000 a 4500 | ||
|---|---|---|---|
| 001 | UCC2663 | ||
| 003 | CL-VaPUC | ||
| 008 | 180316e19900000sp |||||||||||||||||spa|d | ||
| 020 | |a 8474336767 | ||
| 082 | 0 | 4 | |a 363.700946 |b MIN |2 21 |
| 110 | 2 | |a Ministerio de Obras Públicas y Urbanismo |e author |9 596688 | |
| 245 | 1 | 0 | |a Medio ambiente en España |
| 250 | |a 1a. ed | ||
| 300 | |a 699 p | ||
| 942 | |c BK | ||
| 945 | |d 20180316 12:27:00 |a dcastane | ||
| 260 | |a Madrid |b Ministerio de Obras Públicas y Urbanismo |c 1990 | ||
| 650 | 0 | |a Políticas ambientales |9 539458 | |
| 650 | 0 | |a Medio ambiente |9 257625 | |
| 650 | 0 | |a Protección del medio ambiente |9 257626 | |
| 651 | 0 | |a España |9 254926 | |
| 583 | |a last modification |c 20180316 12:27:00 |k Rodrigo Vera | ||
| 490 | 0 | |a Monografías de la Secretaría General de Medio Ambiente | |
| 999 | |c 370675 |d 370673 | ||
| 952 | |0 0 |1 0 |3 erb |4 0 |6 363_700946000000000_MIN_1990 |7 0 |8 A |9 487252 |a BIBING |b BIBING |i 5457017 |o 363.700946 MIN 1990 |p 5457017 |r 2025-01-20 |w 2019-11-24 |y BK |z Catalogado en:20180316 |k CCL | ||